[Event "Pan American-ch U18"]
[Site "Cali"]
[Date "2015.07.03"]
[Round "9"]
[White "Plua, Jonathan"]
[Black "Olarte Parra, Jhoan Sebastian"]
[Result "1/2-1/2"]
[WhiteElo "1293"]
[BlackElo "2066"]
[PlyCount "40"]
[EventDate "2015.06.28"]
[EventType "swiss"]
[EventRounds "9"]
[EventCountry "COL"]
[SourceTitle "EXT 2016"]
[Source "ChessBase"]
[SourceDate "2015.10.08"]
[SourceVersion "1"]
[SourceVersionDate "2015.10.08"]
[SourceQuality "1"]

1. e4 c5 2. Nf3 d6 3. d4 cxd4 4. Nxd4 Nf6 5. Nc3 a6 6. Be2 e5 7. Nb3 Be6 8. Be3 Nbd7 9. 0-0 Be7 10. Nd2 b5 11. a3 Rc8 12. Kh1 Qc7 13. f4 exf4 14. Bxf4 Ne5 15. Nf3 0-0 16. Nd4 Bc4 17. Nf5 Rfd8 18. Bg5 Be6 19. Nxe7+ Qxe7 20. Bxf6 gxf6 1/2-1/2

[Event "Pan American-ch U18"]
[Site "Cali"]
[Date "2015.06.30"]
[Round "4"]
[White "Blandon, Luis Guillermo"]
[Black "Plua, Jonathan"]
[Result "1-0"]
[WhiteElo "2182"]
[BlackElo "1293"]
[PlyCount "49"]
[EventDate "2015.06.28"]
[EventType "swiss"]
[EventRounds "9"]
[EventCountry "COL"]
[SourceTitle "EXT 2016"]
[Source "ChessBase"]
[SourceDate "2015.10.08"]
[SourceVersion "1"]
[SourceVersionDate "2015.10.08"]
[SourceQuality "1"]

1. e4 c5 2. Nf3 d6 3. d4 cxd4 4. Nxd4 Nf6 5. Nc3 g6 6. Be3 Bg7 7. f3 0-0 8. Qd2 Nc6 9. Bc4 Bd7 10. 0-0-0 Rc8 11. Bb3 Ne5 12. h4 h5 13. Bg5 Nh7 14. Bh6 Nf6 15. g4 Kh7 16. Bg5 hxg4 17. h5 Nxh5 18. f4 Nc4 19. Qd3 Na5 20. Bd5 Qe8 21. e5 e6 22. Rxh5+ Kg8 23. Bf6 gxh5 24. Rh1 Bxf6 25. Rxh5 1-0

[Event "Pan American-ch U18"]
[Site "Cali"]
[Date "2015.06.29"]
[Round "2"]
[White "Plua, Jonathan"]
[Black "Velasco, Daniel"]
[Result "1-0"]
[WhiteElo "1293"]
[BlackElo "1468"]
[PlyCount "71"]
[EventDate "2015.06.28"]
[EventType "swiss"]
[EventRounds "9"]
[EventCountry "COL"]
[SourceTitle "EXT 2016"]
[Source "ChessBase"]
[SourceDate "2015.10.08"]
[SourceVersion "1"]
[SourceVersionDate "2015.10.08"]
[SourceQuality "1"]

1. e4 c5 2. Nf3 d6 3. d4 cxd4 4. Nxd4 Nf6 5. Nc3 a6 6. Be2 e5 7. Nb3 Be6 8. 0-0 Nbd7 9. Be3 Be7 10. f4 Qc7 11. Nd2 Nb6 12. f5 Bc4 13. Nxc4 Nxc4 14. Bxc4 Qxc4 15. Qf3 b5 16. a3 0-0 17. Bg5 Rfe8 18. Bxf6 Bxf6 19. Nd5 Rac8 20. Rf2 Qd4 21. c3 Qa7 22. Kh1 Kf8 23. Rd2 Bg5 24. Rd3 Qb8 25. Qh5 Bh6 26. g4 f6 27. h4 Bf4 28. Qxh7 Rc4 29. Qh8+ Kf7 30. Qh5+ Kf8 31. g5 fxg5 32. hxg5 Bxg5 33. Qxg5 Rxe4 34. Rh3 Kg8 35. Qg6 Qb7 36. Nf6+ 1-0